Thực hiện kế hoạch đào tạo ngành học tâm lí - giáo dục học

Đã lưu trong:
書目詳細資料
主要作者: Nguyễn, Thiện Mỹ Tâm
其他作者: Lê, Khắc Thìn
格式: 圖書
語言:Undetermined
出版: H. ĐHSP 2007
主題:
在線閱讀:http://lrc.tdmu.edu.vn/opac/search/detail.asp?aID=2&ID=5839
標簽: 添加標簽
沒有標簽, 成為第一個標記此記錄!
Thư viện lưu trữ: Trung tâm Học liệu Trường Đại học Thủ Dầu Một
LEADER 00716nam a2200205Ia 4500
001 TDMU_5839
008 210410s9999 xx 000 0 und d
082 |a 370.15 
090 |b NG525 
100 |a Nguyễn, Thiện Mỹ Tâm 
245 0 |a Thực hiện kế hoạch đào tạo ngành học tâm lí - giáo dục học 
245 0 |c Nguyễn Thiện Mỹ Tâm 
260 |a H. 
260 |b ĐHSP 
260 |c 2007 
300 |a 258tr. 
650 |a Tâm lí học giáo dục  |x Kế hoạch đào tạo 
700 |a Lê, Khắc Thìn 
856 |u http://lrc.tdmu.edu.vn/opac/search/detail.asp?aID=2&ID=5839 
980 |a Trung tâm Học liệu Trường Đại học Thủ Dầu Một